000 00277 a2200121 4500
020 _a014062046X
040 _aDLC
_bEnglish
082 _a823.8
100 1 _aDickens, Charles.
245 1 0 _aOliver Twist
_cCharles Dickens.
260 _bPenguin Books,
942 _cBK
_k823.8 DIC
_2ddc
999 _c4940
_d4940